00785nam a22002417a 450000500170000001000130001702000100003003500130004003700160005304000120006908200150008110000270009624500440012326000460016727000480021330000270026165000310028865000340031970000100035394200240036399900190038795201370040620170124110055.0 aA-945647 c00.00 aA-945647 bCen Lib/Ret aDPLbEN a658.5bCHU aChunawala, S.A 925890 aProduct management /cby S.A Chunawala  aMumbai bHimalaya publishing house c1998 bMumbai aDr. Bhalerao marg Girgaon e400004 a279p.:c21cm(Hb)bill. aProduct management 926342 aMarketing environment 925907 926257 2ddccENh658.5mCHU c129427d129427 00104070aLbLd2015-07-06eCen Lib/Retg0.00l3m3o658.5 CHUpA-945647r2022-11-02 00:00:00s2022-09-22t1v0.00w2015-07-06yEN